000 01011nam a2200325 i 4500
999 _c141793
_d141793
001 C2-0345302
003 PPAK
005 20180728145909.0
008 180205t20132013si a|||b ||||| | chi d
020 _a9789814764254
_cRm43.06
_qpaperback
040 _aPPAK
_beng
_cPPAK
_erda
082 _223
_a495.182
090 _a495.182
_bLIU
_dK
100 1 _aLiu, Ning
_eauthor
245 1 0 _aMan hua zuo wen ci yu. 1 :
_bMian bu biao qing yu shen tai /
_cLiu Ning ; Shao Liangliang
246 1 3 _bMian bu biao qing yu shen tai
264 1 _aXinjiapo :
_bLing zi chuan mei ,
_c2013
264 4 _c©2013
300 _a96 pages :
_bcolor illustrations ;
_c22 cm
336 _2rdacontent
_atext
337 _2rdamedia
_aunmediated
338 _2rdacarrier
_avolume
490 1 _aMan hua xue tang xi lie
490 1 _aXin shu ;
_v139
650 1 0 _aChinese language
_xVocabulary
700 1 _aShao, Liangliang
_eillustrator
830 0 _aMan hua xue tang xi lie
830 0 _aXin shu ;
_a139
942 _cB
_2ddc